000 00386cam a22001217a 4500
008 180718b1975 xxu||||| |||| 00| 0 eng d
082 _aA81x54 In2/71/1/Pt2A/1
100 _aCensus of India 1971
245 _aIndia: general population tables
260 _aDelhi
_bThe Controller of Publications
_c1975
300 _a564+p.
440 _aCensus of India 1971. Series-1, India. Part II-A (i)
999 _c484790
_d484790